Sobre la misma tierra
Guardado en:
| Hovedforfatter: | |
|---|---|
| Format: | Bog |
| Sprog: | Undetermined |
| Udgivet: |
Caracas, Venezuela
Elite
1943
|
| Fag: | |
| Tags: |
Tilføj Tag
Ingen Tags, Vær først til at tagge denne postø!
|
MARC
| LEADER | 00000nam a2200000Ia 4500 | ||
|---|---|---|---|
| 008 | 170316s9999 xx 000 0 und d | ||
| 040 | |a cru BVZT | ||
| 090 | |a 860 G-3s | ||
| 100 | |a Gallegos, Rómulo | ||
| 245 | |a Sobre la misma tierra | ||
| 260 | |a Caracas, Venezuela | ||
| 260 | |b Elite | ||
| 260 | |c 1943 | ||
| 300 | |a 349 páginas | ||
| 650 | |a LITERATURA LATINOAMERICANA | ||
| 999 | |c 8790 |d 8790 | ||
| 942 | |c 15 D |h 860 G-3s |2 z | ||
